| 000 | 00437nam a22000857a 4500 | ||
|---|---|---|---|
| 100 | _aSathik, M.B.M. | ||
| 245 | _aMolecular tools and their applications in crop improvement | ||
| 260 | _bIn: Recent Advances in Molecular Biology and Biotechnology: DBT Skill Vigyan State Partnership Programme Faculty Training 2024. (Comp. C. Bindu Roy). 6-19 March 2024, Rubber Research Institute of India, Kottayam, India, pp. 1-5. Lab Manual | ||
| 942 | _cAR | ||
| 999 |
_c75461 _d75461 |
||